[Event "XXVII MISTRZOSTWA WOJEWÓDZTWA PODLASKIEGO JUNIORÓW DO LAT 18 - C18"]
[Site "Białystok, Poland"]
[Date "2025.05.31"]
[Round "7.1"]
[White "Bartnik, Michal"]
[Black "Pieczulis, Hubert"]
[Result "1/2-1/2"]
[WhiteElo "1986"]
[BlackElo "1853"]

1. e4 {[%clk 00:30:59]} c6 {[%clk 00:30:31]} {[%emt 00:00:29]} 2. d4 {[%clk
00:31:26]} {[%emt 00:00:04]} d5 {[%clk 00:30:58]} {[%emt 00:00:03]} 3. e5
{[%clk 00:31:53]} {[%emt 00:00:03]} c5 {[%clk 00:31:01]} {[%emt 00:00:27]} 4.
dxc5 {[%clk 00:32:18]} {[%emt 00:00:05]} e6 {[%clk 00:31:24]} {[%emt 00:00:06]}
5. Nf3 {[%clk 00:32:45]} {[%emt 00:00:02]} Bxc5 {[%clk 00:31:46]} {[%emt
00:00:09]} 6. Bd3 {[%clk 00:33:11]} {[%emt 00:00:04]} Nc6 {[%clk 00:32:09]}
{[%emt 00:00:06]} 7. O-O {[%clk 00:33:36]} {[%emt 00:00:05]} Qc7 {[%clk
00:32:09]} {[%emt 00:00:30]} 8. Re1 {[%clk 00:33:57]} {[%emt 00:00:10]} a6
{[%clk 00:32:18]} {[%emt 00:00:21]} 9. a3 {[%clk 00:33:46]} {[%emt 00:00:41]}
Nge7 {[%clk 00:32:26]} {[%emt 00:00:22]} 10. b4 {[%clk 00:33:58]} {[%emt
00:00:18]} Ba7 {[%clk 00:32:47]} {[%emt 00:00:08]} 11. Bb2 {[%clk 00:34:15]}
{[%emt 00:00:14]} Ng6 {[%clk 00:33:00]} {[%emt 00:00:17]} 12. Nbd2 {[%clk
00:33:35]} {[%emt 00:01:10]} Qb6 {[%clk 00:32:05]} {[%emt 00:01:25]} 13. Rf1
{[%clk 00:33:20]} {[%emt 00:00:44]} Nf4 {[%clk 00:32:12]} {[%emt 00:00:24]} 14.
Nb3 {[%clk 00:33:04]} {[%emt 00:00:46]} Nxd3 {[%clk 00:32:26]} {[%emt
00:00:17]} 15. Qxd3 {[%clk 00:33:29]} {[%emt 00:00:04]} Bd7 {[%clk 00:32:36]}
{[%emt 00:00:20]} 16. Nc5 {[%clk 00:33:00]} {[%emt 00:00:58]} Qc7 {[%clk
00:32:58]} {[%emt 00:00:09]} 17. Nxd7 {[%clk 00:33:13]} {[%emt 00:00:17]} Qxd7
{[%clk 00:33:19]} {[%emt 00:00:09]} 18. c4 {[%clk 00:33:13]} {[%emt 00:00:30]}
dxc4 {[%clk 00:33:13]} {[%emt 00:00:37]} 19. Qxc4 {[%clk 00:33:36]} {[%emt
00:00:06]} Rd8 {[%clk 00:30:19]} {[%emt 00:03:22]} 20. Qg4 {[%clk 00:31:01]}
{[%emt 00:03:05]} O-O {[%clk 00:21:40]} {[%emt 00:09:10]} 21. h4 {[%clk
00:29:19]} {[%emt 00:02:12]} Qd3 {[%clk 00:21:16]} {[%emt 00:00:55]} 22. h5
{[%clk 00:24:08]} {[%emt 00:05:41]} h6 {[%clk 00:18:24]} {[%emt 00:03:21]} 23.
Bc1 {[%clk 00:13:52]} {[%emt 00:10:46]} Kh8 {[%clk 00:17:59]} {[%emt 00:00:56]}
24. Ra2 {[%clk 00:12:20]} {[%emt 00:02:02]} Nd4 {[%clk 00:09:32]} {[%emt
00:08:57]} 25. Be3 {[%clk 00:08:33]} {[%emt 00:04:17]} Nxf3+ {[%clk 00:09:08]}
{[%emt 00:00:55]} 26. Qxf3 {[%clk 00:08:52]} {[%emt 00:00:07]} Bxe3 {[%clk
00:09:30]} {[%emt 00:00:09]} 27. fxe3 {[%clk 00:09:17]} {[%emt 00:00:07]} Qd5
{[%clk 00:09:20]} {[%emt 00:00:37]} 28. Raf2 {[%clk 00:08:27]} {[%emt
00:01:24]} Qxf3 {[%clk 00:09:39]} {[%emt 00:00:11]} 29. Rxf3 {[%clk 00:08:51]}
{[%emt 00:00:05]} Kg8 {[%clk 00:10:06]} {[%emt 00:00:03]} 30. Rc1 {[%clk
00:09:10]} {[%emt 00:00:11]} Rd7 {[%clk 00:10:12]} {[%emt 00:00:24]} 31. Rf4
{[%clk 00:06:28]} {[%emt 00:03:13]} Rd3 {[%clk 00:08:43]} {[%emt 00:01:58]} 32.
Rc7 {[%clk 00:06:19]} {[%emt 00:00:39]} b5 {[%clk 00:07:09]} {[%emt 00:02:05]}
33. Kf2 {[%clk 00:06:40]} {[%emt 00:00:08]} Rxa3 {[%clk 00:07:33]} {[%emt
00:00:06]} 34. Ra7 {[%clk 00:06:54]} {[%emt 00:00:16]} Ra1 {[%clk 00:06:10]}
{[%emt 00:01:53]} 35. g4 {[%clk 00:04:51]} {[%emt 00:02:33]} Rd1 {[%clk
00:01:00]} {[%emt 00:05:40]} 36. Kf3 {[%clk 00:04:55]} {[%emt 00:00:26]} Rf1+
{[%clk 00:00:57]} {[%emt 00:00:33]} 37. Kg3 {[%clk 00:04:20]} {[%emt 00:01:05]}
Rxf4 {[%clk 00:01:22]} {[%emt 00:00:05]} 38. exf4 {[%clk 00:04:43]} {[%emt
00:00:06]} Rc8 {[%clk 00:01:29]} {[%emt 00:00:23]} 39. Rxa6 {[%clk 00:04:55]}
{[%emt 00:00:20]} Rc3+ {[%clk 00:01:48]} {[%emt 00:00:11]} 40. Kf2 {[%clk
00:04:38]} {[%emt 00:00:45]} Rc4 {[%clk 00:02:11]} {[%emt 00:00:09]} 41. Kf3
{[%clk 00:04:57]} {[%emt 00:00:06]} Rxb4 {[%clk 00:02:34]} {[%emt 00:00:11]} 42.
Ra7 {[%clk 00:04:25]} {[%emt 00:01:02]} Rb3+ {[%clk 00:02:49]} {[%emt
00:00:16]} 43. Kg2 {[%clk 00:04:14]} {[%emt 00:00:39]} Rb2+ {[%clk 00:02:25]}
{[%emt 00:00:56]} 44. Kf3 {[%clk 00:04:32]} {[%emt 00:00:08]} Rb1 {[%clk
00:02:49]} {[%emt 00:00:10]} 45. Ra8+ {[%clk 00:04:56]} {[%emt 00:00:05]} Kh7
{[%clk 00:03:14]} {[%emt 00:00:05]} 46. Ra7 {[%clk 00:05:23]} {[%emt 00:00:03]}
b4 {[%clk 00:02:13]} {[%emt 00:01:31]} 47. Rxf7 {[%clk 00:04:57]} {[%emt
00:00:57]} b3 {[%clk 00:02:42]} {[%emt 00:00:01]} 48. Kg2 {[%clk 00:04:48]}
{[%emt 00:00:38]} Rc1 {[%clk 00:02:31]} {[%emt 00:00:38]} 49. Rb7 {[%clk
00:05:03]} {[%emt 00:00:17]} Rc2+ {[%clk 00:02:41]} {[%emt 00:00:21]} 50. Kg3
{[%clk 00:05:13]} {[%emt 00:00:15]} b2 {[%clk 00:02:30]} {[%emt 00:00:46]} 51.
f5 {[%clk 00:04:39]} {[%emt 00:01:05]} exf5 {[%clk 00:02:08]} {[%emt 00:00:51]}
52. gxf5 {[%clk 00:05:00]} {[%emt 00:00:09]} Kg8 {[%clk 00:01:39]} {[%emt
00:00:58]} 53. e6 {[%clk 00:05:03]} {[%emt 00:00:27]} Rc3+ {[%clk 00:01:24]}
{[%emt 00:00:46]} 54. Kf4 {[%clk 00:05:21]} {[%emt 00:00:08]} Rc4+ {[%clk
00:01:20]} {[%emt 00:00:38]} 55. Ke5 {[%clk 00:05:36]} {[%emt 00:00:11]} Rc5+
{[%clk 00:01:11]} {[%emt 00:00:43]} 56. Kd6 {[%clk 00:05:26]} {[%emt 00:00:39]}
Rxf5 {[%clk 00:00:46]} {[%emt 00:00:57]} 57. Rb8+ {[%clk 00:04:52]} {[%emt
00:01:03]} Rf8 {[%clk 00:00:46]} {[%emt 00:00:30]} 58. Rxb2 {[%clk 00:05:14]}
{[%emt 00:00:08]} Ra8 {[%clk 00:01:06]} {[%emt 00:00:10]} 59. Rb6 {[%clk
00:04:12]} {[%emt 00:01:30]} Kf8 {[%clk 00:01:28]} {[%emt 00:00:10]} 60. Rb5
{[%clk 00:01:36]} {[%emt 00:03:05]} Ra6+ {[%clk 00:01:42]} {[%emt 00:00:16]} 61.
Ke5 {[%clk 00:02:01]} {[%emt 00:00:05]} Ra7 {[%clk 00:02:00]} {[%emt 00:00:13]}
62. Kf5 {[%clk 00:02:18]} {[%emt 00:00:12]} Ke7 {[%clk 00:02:07]} {[%emt
00:00:23]} 63. Rc5 {[%clk 00:01:56]} {[%emt 00:00:53]} Rb7 {[%clk 00:02:19]}
{[%emt 00:00:18]} 1/2-1/2

[Event "XXVII MISTRZOSTWA WOJEWÓDZTWA PODLASKIEGO JUNIORÓW DO LAT 18 - C18"]
[Site "Białystok, Poland"]
[Date "2025.05.31"]
[Round "7.2"]
[White "Etel, Szymon"]
[Black "Chelstowski, Bartosz"]
[Result "1-0"]
[WhiteElo "1776"]
[BlackElo "1643"]

1. e4 {[%clk 00:30:59]} {[%emt 00:06:38]} c6 {[%clk 00:30:59]} {[%emt
00:00:03]} 2. Bd3 {[%clk 00:31:25]} {[%emt 00:00:03]} d5 {[%clk 00:30:11]}
{[%emt 00:01:19]} 3. Nc3 {[%clk 00:31:52]} {[%emt 00:00:03]} d4 {[%clk
00:28:45]} {[%emt 00:01:55]} 4. Nce2 {[%clk 00:32:20]} {[%emt 00:00:02]} c5
{[%clk 00:28:54]} {[%emt 00:00:21]} 5. Bc4 {[%clk 00:32:46]} {[%emt 00:00:04]}
e6 {[%clk 00:28:50]} {[%emt 00:00:35]} 6. d3 {[%clk 00:33:02]} {[%emt
00:00:14]} Nc6 {[%clk 00:28:46]} {[%emt 00:00:34]} 7. a3 {[%clk 00:33:29]}
{[%emt 00:00:03]} Bd6 {[%clk 00:28:40]} {[%emt 00:00:36]} 8. Nf3 {[%clk
00:33:38]} {[%emt 00:00:21]} Qc7 {[%clk 00:28:48]} {[%emt 00:00:22]} 9. Ng3
{[%clk 00:33:50]} {[%emt 00:00:18]} Nf6 {[%clk 00:28:34]} {[%emt 00:00:43]} 10.
Bg5 {[%clk 00:34:12]} {[%emt 00:00:08]} Ng4 {[%clk 00:27:57]} {[%emt 00:01:03]}
11. O-O {[%clk 00:32:45]} {[%emt 00:02:01]} h6 {[%clk 00:26:06]} {[%emt
00:02:21]} 12. Bd2 {[%clk 00:33:02]} {[%emt 00:00:13]} h5 {[%clk 00:23:29]}
{[%emt 00:03:08]} 13. Nh4 {[%clk 00:32:26]} {[%emt 00:01:05]} Be7 {[%clk
00:23:18]} {[%emt 00:00:41]} 14. Nf3 {[%clk 00:30:28]} {[%emt 00:02:28]} h4
{[%clk 00:19:45]} {[%emt 00:04:03]} 15. Ne2 {[%clk 00:30:46]} {[%emt 00:00:12]}
Bd6 {[%clk 00:17:14]} {[%emt 00:03:01]} 16. h3 {[%clk 00:31:10]} {[%emt
00:00:06]} Nge5 {[%clk 00:16:31]} {[%emt 00:01:13]} 17. Nxe5 {[%clk 00:31:30]}
{[%emt 00:00:10]} Nxe5 {[%clk 00:16:57]} {[%emt 00:00:04]} 18. Ba2 {[%clk
00:31:32]} {[%emt 00:00:29]} g5 {[%clk 00:14:16]} {[%emt 00:03:10]} 19. f4
{[%clk 00:27:58]} {[%emt 00:04:05]} gxf4 {[%clk 00:13:26]} {[%emt 00:01:20]} 20.
Nxf4 {[%clk 00:28:26]} Bd7 {[%clk 00:12:40]} {[%emt 00:01:16]} 21. b4 {[%clk
00:28:30]} {[%emt 00:00:27]} c4 {[%clk 00:12:39]} {[%emt 00:00:30]} 22. dxc4
{[%clk 00:27:14]} {[%emt 00:01:46]} Nxc4 {[%clk 00:12:53]} {[%emt 00:00:16]} 23.
Nd3 {[%clk 00:27:03]} {[%emt 00:00:41]} Nxa3 {[%clk 00:11:22]} {[%emt
00:02:02]} 24. e5 {[%clk 00:24:52]} {[%emt 00:02:41]} Bxe5 {[%emt 00:01:40]} 25.
Nxe5 {[%clk 00:25:03]} {[%emt 00:00:17]} Qxe5 {[%clk 00:08:16]} {[%emt
00:02:27]} 26. Qf3 {[%clk 00:25:29]} {[%emt 00:00:04]} Nb5 {[%clk 00:07:40]}
{[%emt 00:01:06]} 27. Qxf7+ {[%clk 00:25:33]} {[%emt 00:00:26]} Kd8 {[%clk
00:08:02]} {[%emt 00:00:08]} 28. Bf4 {[%clk 00:25:47]} {[%emt 00:00:17]} Qh5
{[%clk 00:05:45]} {[%emt 00:02:47]} 29. Qf6+ {[%clk 00:25:41]} {[%emt
00:00:34]} Kc8 {[%emt 00:01:08]} 30. Bxe6 {[%clk 00:25:16]} {[%emt 00:00:55]}
Rg8 {[%clk 00:04:15]} {[%emt 00:01:24]} 31. Bxg8 {[%clk 00:25:29]} {[%emt
00:00:17]} Nc3 {[%clk 00:04:23]} {[%emt 00:00:21]} 32. Qf8+ {[%clk 00:25:00]}
{[%emt 00:00:59]} Be8 {[%clk 00:04:28]} {[%emt 00:00:26]} 33. Be6+ {[%clk
00:25:07]} {[%emt 00:00:22]} Kd8 {[%clk 00:04:35]} {[%emt 00:00:23]} 34. Qd6+
{[%clk 00:25:19]} {[%emt 00:00:18]} Bd7 {[%clk 00:04:56]} {[%emt 00:00:08]} 35.
Qxd7# {[%clk 00:25:36]} {[%emt 00:00:11]} 1-0

[Event "XXVII MISTRZOSTWA WOJEWÓDZTWA PODLASKIEGO JUNIORÓW DO LAT 18 - C18"]
[Site "Białystok, Poland"]
[Date "2025.05.31"]
[Round "7.3"]
[White "Racis, Michal"]
[Black "Krol, Jan"]
[Result "0-1"]
[WhiteElo "2118"]
[BlackElo "2064"]

1. d4 {[%clk 00:30:58]} {[%emt 00:00:01]} Nf6 {[%clk 00:30:56]} {[%emt
00:00:05]} 2. Bg5 {[%clk 00:31:23]} {[%emt 00:00:06]} e6 {[%clk 00:31:18]}
{[%emt 00:00:08]} 3. Nd2 {[%clk 00:31:48]} {[%emt 00:00:05]} h6 {[%clk
00:31:42]} {[%emt 00:00:07]} 4. Bh4 {[%clk 00:32:11]} {[%emt 00:00:05]} c5
{[%clk 00:31:02]} {[%emt 00:01:10]} 5. e4 {[%clk 00:32:35]} {[%emt 00:00:07]}
d5 {[%clk 00:28:37]} {[%emt 00:02:54]} 6. e5 {[%clk 00:31:49]} {[%emt
00:01:16]} g5 {[%clk 00:29:02]} {[%emt 00:00:05]} 7. Bg3 {[%clk 00:32:14]}
{[%emt 00:00:06]} Ng8 {[%clk 00:27:38]} {[%emt 00:01:54]} 8. h4 {[%clk
00:32:28]} {[%emt 00:00:15]} gxh4 {[%clk 00:24:35]} {[%emt 00:03:34]} 9. Bxh4
{[%clk 00:31:06]} {[%emt 00:01:52]} Qb6 {[%clk 00:24:06]} {[%emt 00:00:59]} 10.
Rb1 {[%clk 00:28:48]} {[%emt 00:02:48]} Nc6 {[%clk 00:23:30]} {[%emt 00:01:06]}
11. Ngf3 {[%clk 00:28:25]} {[%emt 00:00:53]} Bd7 {[%clk 00:22:02]} {[%emt
00:01:58]} 12. a3 {[%clk 00:28:20]} {[%emt 00:00:35]} Be7 {[%clk 00:17:18]}
{[%emt 00:05:13]} 13. dxc5 {[%clk 00:27:08]} {[%emt 00:01:42]} Qxc5 {[%clk
00:14:27]} {[%emt 00:03:21]} 14. b4 {[%clk 00:27:06]} {[%emt 00:00:33]} Qb6
{[%clk 00:14:38]} {[%emt 00:00:20]} 15. c4 {[%clk 00:27:04]} {[%emt 00:00:32]}
Bxh4 {[%clk 00:11:30]} {[%emt 00:03:38]} 16. Rxh4 {[%clk 00:27:07]} {[%emt
00:00:26]} Nge7 {[%clk 00:11:02]} {[%emt 00:00:58]} 17. b5 {[%clk 00:25:32]}
{[%emt 00:02:06]} Na5 {[%clk 00:10:13]} {[%emt 00:01:18]} 18. cxd5 {[%clk
00:24:00]} {[%emt 00:02:03]} exd5 {[%clk 00:10:33]} {[%emt 00:00:10]} 19. Rc1
{[%clk 00:19:46]} {[%emt 00:04:43]} Ng6 {[%clk 00:10:30]} {[%emt 00:00:33]} 20.
Rd4 {[%clk 00:13:27]} {[%emt 00:06:49]} Be6 {[%clk 00:10:53]} {[%emt 00:00:07]}
21. Nb1 {[%clk 00:12:09]} {[%emt 00:01:48]} Nc4 {[%clk 00:06:35]} {[%emt
00:04:48]} 22. Bxc4 {[%clk 00:08:30]} {[%emt 00:04:09]} dxc4 {[%clk 00:06:55]}
{[%emt 00:00:10]} 23. Nc3 {[%clk 00:07:35]} {[%emt 00:01:25]} Qa5 {[%clk
00:06:46]} {[%emt 00:00:39]} 24. Kf1 {[%clk 00:07:14]} {[%emt 00:00:51]} Qxa3
{[%clk 00:04:15]} {[%emt 00:03:01]} 25. Ne4 {[%clk 00:07:23]} {[%emt 00:00:20]}
Ke7 {[%clk 00:03:54]} {[%emt 00:00:52]} 26. Nd6 {[%clk 00:03:57]} {[%emt
00:03:55]} Qc5 {[%clk 00:03:36]} {[%emt 00:00:49]} 27. Qa4 {[%clk 00:01:29]}
{[%emt 00:02:58]} Kf8 {[%clk 00:00:59]} {[%emt 00:03:07]} 28. Ne4 {[%clk
00:01:19]} {[%emt 00:00:40]} Qc7 {[%clk 00:01:23]} {[%emt 00:00:06]} 29. Qa3+
{[%clk 00:01:33]} {[%emt 00:00:16]} Qe7 {[%clk 00:01:23]} {[%emt 00:00:30]} 30.
Qxe7+ {[%clk 00:01:17]} {[%emt 00:00:45]} Kxe7 {[%clk 00:01:52]} {[%emt
00:00:02]} 31. Nd6 {[%clk 00:01:33]} {[%emt 00:00:13]} Rhd8 {[%clk 00:02:13]}
{[%emt 00:00:10]} 32. Nxb7 {[%clk 00:01:22]} {[%emt 00:00:41]} Rxd4 {[%clk
00:02:35]} {[%emt 00:00:08]} 33. Nxd4 {[%clk 00:01:51]} {[%emt 00:00:01]} Bd5
{[%clk 00:02:22]} {[%emt 00:00:43]} 34. Nc6+ {[%clk 00:01:04]} {[%emt
00:01:17]} Bxc6 {[%clk 00:02:07]} {[%emt 00:00:46]} 35. bxc6 {[%clk 00:01:32]}
{[%emt 00:00:01]} Nxe5 {[%clk 00:02:36]} 36. Na5 {[%clk 00:01:32]} {[%emt
00:00:30]} Rc8 {[%clk 00:02:26]} {[%emt 00:00:40]} 37. f4 {[%clk 00:01:27]}
{[%emt 00:00:35]} Nxc6 {[%clk 00:02:45]} {[%emt 00:00:11]} 38. Rxc4 {[%clk
00:01:27]} {[%emt 00:00:30]} Kd7 {[%clk 00:03:13]} {[%emt 00:00:02]} 39. Nxc6
{[%clk 00:01:44]} {[%emt 00:00:13]} Rxc6 {[%clk 00:03:42]} 40. Ra4 {[%clk
00:02:04]} {[%emt 00:00:10]} a6 {[%clk 00:04:08]} {[%emt 00:00:04]} 41. Ke2
{[%clk 00:02:08]} {[%emt 00:00:26]} Kc7 {[%clk 00:04:23]} {[%emt 00:00:16]} 42.
Ra5 {[%clk 00:01:48]} {[%emt 00:00:49]} Rf6 {[%clk 00:04:35]} {[%emt 00:00:18]}
43. Ke3 {[%clk 00:01:20]} {[%emt 00:00:57]} Kb6 {[%clk 00:04:57]} {[%emt
00:00:09]} 44. Ra1 {[%clk 00:01:37]} {[%emt 00:00:13]} Kc5 {[%clk 00:05:12]}
{[%emt 00:00:15]} 45. Ke4 {[%clk 00:01:35]} {[%emt 00:00:31]} Re6+ {[%clk
00:05:27]} {[%emt 00:00:16]} 46. Kd3 {[%clk 00:01:27]} {[%emt 00:00:37]} Rd6+
{[%clk 00:05:46]} {[%emt 00:00:12]} 47. Ke4 {[%clk 00:01:50]} {[%emt 00:00:07]}
Kb4 {[%clk 00:05:25]} {[%emt 00:00:51]} 48. Ke5 {[%clk 00:01:09]} {[%emt
00:01:10]} Re6+ {[%clk 00:05:28]} {[%emt 00:00:28]} 49. Kd5 {[%clk 00:01:38]}
a5 {[%clk 00:05:36]} {[%emt 00:00:21]} 50. Rb1+ {[%clk 00:01:46]} {[%emt
00:00:23]} Kc3 {[%clk 00:05:54]} {[%emt 00:00:11]} 51. Rb7 {[%clk 00:01:58]}
{[%emt 00:00:18]} Ra6 {[%clk 00:04:59]} {[%emt 00:01:25]} 52. Rxf7 {[%clk
00:02:18]} {[%emt 00:00:11]} a4 {[%clk 00:05:28]} {[%emt 00:00:02]} 53. f5
{[%clk 00:01:26]} {[%emt 00:01:21]} a3 {[%clk 00:05:46]} {[%emt 00:00:12]} 54.
f6 {[%clk 00:01:50]} {[%emt 00:00:06]} a2 {[%clk 00:05:33]} {[%emt 00:00:44]}
55. Rc7+ {[%clk 00:02:14]} {[%emt 00:00:05]} Kd3 {[%clk 00:05:46]} {[%emt
00:00:18]} 56. f7 {[%clk 00:01:55]} {[%emt 00:00:49]} a1=Q {[%clk 00:06:08]}
{[%emt 00:00:07]} 57. f8=Q {[%emt 00:00:06]} Qd4# {[%clk 00:06:36]} {[%emt
00:00:02]} 0-1

[Event "XXVII MISTRZOSTWA WOJEWÓDZTWA PODLASKIEGO JUNIORÓW DO LAT 18 - C18"]
[Site "Białystok, Poland"]
[Date "2025.05.31"]
[Round "7.4"]
[White "Kurcinski, Sebastian"]
[Black "Krynicki, Filip"]
[Result "0-1"]
[WhiteElo "1628"]
[BlackElo "1951"]

1. e4 {[%clk 00:30:51]} {[%emt 00:00:08]} c5 {[%clk 00:30:56]} {[%emt
00:00:04]} 2. Nf3 {[%clk 00:31:02]} {[%emt 00:00:19]} d6 {[%clk 00:31:22]}
{[%emt 00:00:05]} 3. c3 {[%clk 00:31:14]} {[%emt 00:00:18]} Nf6 {[%clk
00:31:18]} {[%emt 00:00:33]} 4. e5 {[%clk 00:31:11]} {[%emt 00:00:34]} dxe5
{[%clk 00:31:26]} {[%emt 00:00:22]} 5. Nxe5 {[%clk 00:31:35]} {[%emt 00:00:06]}
e6 {[%clk 00:31:26]} {[%emt 00:00:29]} 6. Bb5+ {[%clk 00:31:51]} {[%emt
00:00:14]} Nbd7 {[%clk 00:31:40]} {[%emt 00:00:17]} 7. d4 {[%clk 00:30:54]}
{[%emt 00:01:27]} a6 {[%clk 00:27:31]} {[%emt 00:04:39]} 8. Qa4 {[%clk
00:30:12]} {[%emt 00:01:11]} cxd4 {[%clk 00:27:48]} {[%emt 00:00:14]} 9. Nxd7
{[%clk 00:28:24]} {[%emt 00:02:18]} Nxd7 {[%clk 00:26:45]} {[%emt 00:01:33]} 10.
O-O {[%clk 00:25:57]} {[%emt 00:02:57]} Be7 {[%clk 00:23:44]} {[%emt 00:03:31]}
11. Rd1 {[%clk 00:24:38]} {[%emt 00:01:49]} Bf6 {[%clk 00:23:24]} {[%emt
00:00:50]} 12. cxd4 {[%clk 00:23:39]} {[%emt 00:01:29]} O-O {[%clk 00:23:39]}
{[%emt 00:00:14]} 13. Be2 {[%clk 00:23:51]} {[%emt 00:00:19]} b5 {[%clk
00:22:25]} {[%emt 00:01:44]} 14. Qb3 {[%clk 00:24:03]} {[%emt 00:00:18]} Nb6
{[%clk 00:21:42]} {[%emt 00:01:13]} 15. Bf3 {[%clk 00:23:18]} {[%emt 00:01:14]}
Ra7 {[%clk 00:22:03]} {[%emt 00:00:09]} 16. Nc3 {[%clk 00:18:48]} {[%emt
00:05:00]} Rd7 {[%clk 00:21:39]} {[%emt 00:00:55]} 17. a4 {[%clk 00:17:25]}
{[%emt 00:01:53]} bxa4 {[%clk 00:18:54]} {[%emt 00:03:15]} 18. Nxa4 {[%clk
00:17:46]} {[%emt 00:00:09]} Nxa4 {[%clk 00:19:18]} {[%emt 00:00:05]} 19. Rxa4
{[%emt 00:00:11]} Bxd4 {[%clk 00:19:21]} {[%emt 00:00:24]} 20. Kf1 {[%clk
00:13:27]} {[%emt 00:05:11]} Qf6 {[%clk 00:17:38]} {[%emt 00:02:13]} 21. Rc4
{[%clk 00:09:44]} {[%emt 00:04:13]} a5 {[%clk 00:15:45]} {[%emt 00:02:24]} 22.
Kg1 {[%clk 00:09:06]} {[%emt 00:01:07]} Rfd8 {[%clk 00:15:46]} {[%emt
00:00:30]} 23. Qc2 {[%clk 00:08:06]} {[%emt 00:01:29]} Ba6 {[%clk 00:15:29]}
{[%emt 00:00:47]} 24. Rc6 {[%clk 00:07:44]} {[%emt 00:00:52]} Bb7 {[%clk
00:15:29]} {[%emt 00:00:30]} 25. Rc7 {[%clk 00:07:51]} {[%emt 00:00:24]} Bxf3
{[%clk 00:14:09]} {[%emt 00:01:49]} 26. Rxd7 {[%clk 00:07:39]} {[%emt
00:00:42]} Bxd1 {[%clk 00:13:44]} {[%emt 00:00:56]} 0-1